| LEADER |
00960nam0a2200241 450 |
| 001 |
16868195 |
| 010 |
|
|
|a 978-2-35413-481-5
|b cart.
|d 12
|
| 100 |
|
|
|a 20191218d2020 u u0frey01 ba
|
| 101 |
1 |
|
|a fre
|c fre
|
| 102 |
|
|
|a FR
|
| 200 |
0 |
|
|a loup est affamé (Le)
|f Agnese Baruzzi
|g traduction et adaptation de Julie Duteil
|
| 207 |
|
1 |
|a
|
| 210 |
|
|
|a Paris
|c Minedition
|d 2020
|
| 215 |
|
|
|a 1 vol. (16 p.)
|c illustrations en couleur
|d 17 x 17 cm
|
| 225 |
1 |
|
|a Un livre à volets Minedition
|
| 300 |
|
|
|a Traduit de l'anglais
|
| 330 |
|
|
|a Affamé, le loup dévore un oiseau, un écureuil, une grenouille et un lapin. Mais lorsqu'il engloutit un hérisson, il a soudain très mal au ventre. Electre 2020
|
| 606 |
0 |
|
|a Livres animés
|x Albums jeunesse
|
| 700 |
|
0 |
|a Baruzzi
|b Agnese
|4 70
|
| 702 |
|
0 |
|a Duteil
|b Julie
|4 730
|
| 900 |
|
|
|a Album
|
| 901 |
|
|
|a Jeunesse
|
| 995 |
|
|
|a Médiathèque
|c Médiathèque
|f 00156010458537
|h 00156010458537
|k A BAR BB
|o p
|q j
|r az
|e Médiathèque
|